| 000 | 00943nam a2200241 a 4500 | ||
|---|---|---|---|
| 001 | 000022884 | ||
| 005 | 20250701132841.0 | ||
| 008 | 101122s1980 mx r 000 | spa d | ||
| 040 |
_aDO-SdBNP _bspa _cBNPHU |
||
| 082 |
_a338.91 _bS819n |
||
| 100 | 1 |
_aSteinberg, Eleanor B. _947033 |
|
| 245 | 1 | 0 |
_aNuevos medios de financiar las necesidades internacionales / _cEleanor B. Steinberg , Gerard M. Brannon ; traducción de Carlos Villegas García. |
| 250 |
_aMéxico D. F. : _bNoema ; _c1980 |
||
| 300 |
_a211 p. : _bil. ; _c21 cm. |
||
| 534 |
_aTítulo original : _tNew means of financing international needs |
||
| 650 | 4 |
_aCrecimiento económico _98530 |
|
| 650 | 0 |
_aDesarrollo económico _985548 |
|
| 650 | 0 |
_a Relaciones económicas internacionales _91067 |
|
| 700 | 1 |
_aVillegas García , Carlos _etr. _947034 |
|
| 700 | 1 |
_aBrannon, Gerard M. _947035 |
|
| 730 | 1 |
_aNew means of financing international needs _lespañol _947036 |
|
| 049 | _aBNGR | ||
| 999 |
_c22381 _d22381 |
||